| 000 | 00575nam a2200217Ia 4500 | ||
|---|---|---|---|
| 003 | OSt | ||
| 005 | 20220926045501.0 | ||
| 006 | a|||||r|||| 00| 0 | ||
| 007 | ta | ||
| 008 | 220923b |||||||| |||| 00| 0 eng d | ||
| 037 | _cGeneral Book | ||
| 040 |
_aRTL _cRTL _beng |
||
| 041 |
_2eng _aeng |
||
| 082 | _aX9(F551).2,w,CB, K6/EC | ||
| 111 |
_aIndia, Lok Sabha (3rd) Estimate Committee (1964-66) _9350260 |
||
| 245 | 0 | _a88 Report | |
| 260 | _c1966 | ||
| 300 |
_a72p _ccm. |
||
| 942 |
_hX9(F551).2,w,CB, K6/EC _cGB _2CC |
||
| 999 |
_c677710 _d677710 |
||